Evaluación del potencial de licuación de suelos arenosos en la cuidad de Cartago
Furkejuvvon:
| Váldodahkki: | |
|---|---|
| Materiálatiipa: | Girji |
| Almmustuhtton: |
[San José, Costa Rica]
2005
|
| Fáttát: | |
| Fáddágilkorat: |
Lasit fáddágilkoriid
Eai fáddágilkorat, Lasit vuosttaš fáddágilkora!
|
MARC
| LEADER | 00000nam a2200000Ia 4500 | ||
|---|---|---|---|
| 003 | 009487 | ||
| 005 | 20221231144132.0 | ||
| 008 | 140114s2005 cr a m 000 ||s d | ||
| 040 | |c cru CEDI | ||
| 090 | |a TFG 5027 | ||
| 100 | |a Pérez Alvarado, Eddy |9 6097 | ||
| 245 | |a Evaluación del potencial de licuación de suelos arenosos en la cuidad de Cartago | ||
| 260 | |c 2005 |a [San José, Costa Rica] | ||
| 300 | |a xi, 142, [48] hojas : ilustraciones a color | ||
| 500 | |a Proyecto de graduación (licenciatura en ingeniería civil)--Universidad de Costa Rica, Facultad de Ingeniería, Escuela de Ingeniería Civil | ||
| 650 | |x SUELOS ARENOSOS |x LICUEFACCION DE SUELOS |9 6098 | ||
| 942 | |c TFG | ||
| 999 | |c 17396 |d 17396 | ||
